000 01064cam a22002891i 4500
003 SA-RiAUC
005 20250217073019.0
008 250215s1993 ua g f00000 ara c
020 _a9770242772
040 _aSA-JeALM
_bara
_cSA-RiAUC
_erda
050 4 _b.I26 1993
082 0 4 _a410
090 _a410
_b ا ب ن ت
100 1 _aابن تنباك، مرزوق بن صنيتان بن مرزوق،
_d1370 هجري-
_eمؤلف.
245 1 0 _aفي سبيل لغة القرآن /
_cمرزوق بن صنيتان بن تنباك.
250 _aالطبعة الأولى.
264 1 _aالقاهرة :
_bدار المعارف،
_c1993
300 _a48 صفحة ؛
_c20 سم
336 _aنص
_btxt
_2rdacontent
_3كتاب
337 _aبدون وسيط
_bn
_2rdamedia
338 _aمجلد
_bnc
_2rdacarrier
500 _aاهداء من المؤلف مرزوق بن صنيتان بن تنباك.
650 7 _aاللغة العربية
_2aucsh
730 2 2 _aالقرآن
942 _2ddc
_cBOOK
_n0
949 _aSA-JeALM
_d250215
_umohamedma123
_n1
999 _c6013
_d6013